| 000 | 00896cam a2200253 4500 | ||
|---|---|---|---|
| 001 | ABS65063 | ||
| 008 | 020213n2002 000 0 eng u | ||
| 035 | _a(Sirsi) u116712 | ||
| 100 | _aWestwood, J. | ||
| 245 | _aGlobal ocean markets | ||
| 260 | _c2002 | ||
| 490 |
_aHydrographic Journal _v(103) January 2002, 11-17(7) |
||
| 520 | _aThis article examines the scope of global ocean markets and the potential for growth over the next five years. A range of the world's ocean industries are analysed and key influencing factors are discussed. Potential sectors and geographical areas for growth are identified. | ||
| 590 | _aABS | ||
| 650 | _aMARINE INDUSTRIES | ||
| 650 | _aGLOBAL MARKET | ||
| 650 | _aOFFSHORE OIL INDUSTRY | ||
| 650 | _aGAS INDUSTRY | ||
| 650 | _aGROWTH | ||
| 690 | _aMARINE RESOURCE MANAGEMENT | ||
| 700 | _aParsons, B. | ||
| 700 | _aRowley, W. | ||
| 942 | _n0 | ||
| 999 |
_c69517 _d69517 |
||